Kraje islamskie - Statystyki

Ogólne statystyki
  • Ten quiz został rozwiązany 514 razy
  • Średni wynik to 27 z 44
Statystyki odpowiedzi
kontynent na którym leży te państwo kraj islamski % Poprawnych
Europa/Azja Turcja
95%
Afryka Egipt
83%
Azja Irak
83%
Azja Iran
83%
Europa Albania
78%
Azja Pakistan
78%
Afryka Algieria
76%
Azja Jemen
76%
Azja Oman
76%
Azja Afganistan
75%
Azja Afganistan
75%
Afryka Maroko
75%
Azja Syria
74%
Azja Syria
74%
Afryka Libia
72%
Azja Zjednoczone emiraty arabskie
71%
Azja Katar
69%
Azja Turkmenistan
68%
Azja Tadżykistan
67%
Azja Kazachstan
66%
Azja Kirgistan
66%
Europa Kosowo
66%
Azja Kuwejt
65%
Azja Uzbekistan
65%
Afryka Sudan
63%
Azja Liban
62%
Azja Indonezja
60%
Azja Jordania
60%
Azja Azerbejdżan
59%
Azja Bahrajn
58%
Afryka Nigeria
57%
Afryka Somalia
56%
Afryka Czad
54%
Afryka Mali
54%
Afryka Mauretania
53%
Azja Malezja
44%
Azja Bangladesz
42%
Afryka Senegal
41%
Afryka Dżibuti
34%
Azja Brunei
33%
Azja Singapur
29%
Afryka Gambia
26%
Afryka Gwinea
24%
Afryka Sierra leone
21%
Nie znaleziono quizów pasujących do podanych kryteriów
Rozkład punktacji
Procent ludzi z każdym wynikiem
Percentyl według liczby udzielonych odpowiedzi
Twoja historia wyników
Nie rozwiązałeś tego quizu